000 00506nam a2200217Ia 4500
003 OSt
005 20220928135605.0
006 a|||||r|||| 00| 0
007 ta
008 220927b |||||||| |||| 00| 0 eng d
024 _a3487
037 _cTextual
040 _aSDCL
_cSDCL
_beng
041 _2eng
_aeng
082 _aO-,1M09x, L3
100 _aTennyson
_9491811
245 0 _aSelected
260 _c1973
942 _hO-,1M09x, L3
_cTEXL
_2CC
999 _c807226
_d807226